000 02806cam a22005174i 4500
003 PE-LiUPU
005 20250731172915.0
008 150617s1972 sp rb 000 0 spa d
035 _a(Sirsi) a18875
035 _a(Sirsi) a18875
040 _aPE-LiUPU
_bspa
_cPE-LiUPU
_erda
049 _aPRUA
082 0 4 _a200.8
_bA17
_221
245 0 0 _aComentario a los evangelios sinópticos /
_cHenry Troadec.
264 1 _aMadrid :
_bEdiciones Fax,
_c1972.
300 _a589 páginas ;
_c21 centímetros.
336 _atext
_2rdacontent
337 _aunmediated
_2rdamedia
338 _avolume
_2rdacarrier
490 0 _aActualidad Bíblica ;
_v17
504 _anotas bibliográficas.
505 0 _aEl evangelio según San Mateo -- El evangelio de la infancia -- Los cinco librotos -- La promulgación de la ley del reino de los cielos -- La ley nueva o ley perfecta -- Consignas para la predicación del reino de los cielos -- El misterio del reino de los cielos -- La iglesia, primicisa del reino de los cielos -- La próxima venida del reino de los cielos -- La pasión y la rsurrección -- Jesús y el pueblo -- Jesús y los suyos -- Jesús y sus discípulos -- Los tres anuncios de la pasión y de la resurrección -- Juicio de Jesús sobre Jerusalén -- Pasión y resurrección -- El evangelio de la infancia -- Preparación para el ministerio de Jesús -- Ministerio de Jesús en Galilea -- Camino de Jerusalén -- En Jerusalén.
526 _aSEG42
526 _aSEG41
526 _aSEG40
526 _aSEG39
526 _aP94
526 _aP87
526 _aP86
526 _aP85
526 _aP77
526 _aP76
526 _aP35
630 _aBiblia
_pN.T.
_pEvangelios sinópticos
_xComentarios.
700 1 _aTroadec, Henry,
_eeditor.
910 _ajck
_bjvq
_cjck
_d20150616
942 _2ddc
_cBOOK
949 _a200.8 A17
_wDEWEY
_c1
_i14323
_lRC
_mBUL
_r0
_sY
_tBOOK
_u2015-4-22
_xTEOLOGIA
_PP35
_0COMPRA
_o.CIRCNOTE. No olvidar cambiar la fecha de devolución!!!!!!!
_o.STAFF. Colección General
949 _a200.8 A17
_wDEWEY
_c2
_i12472
_lRC
_mBUL
_r0
_sY
_tBOOK
_u2015-4-22
_xTEOLOGIA
_PP35
_0COMPRA
_o.CIRCNOTE. No olvidar cambiar la fecha de devolución!!!!!!!
_o.STAFF. Colección General
994 _aC0
_bPEPRU
596 _a1
999 _a200.8 A17
_wDEWEY
_c18615
_i14323
_d18615
_f2019-12-9
_g5
_lDISCARD
_mBUL
_p15.00
_q1
_r0
_sY
_tBOOK
_u2015-4-22
_xTEOLOGIA
_PP35
_0COMPRA
_o.CIRCNOTE. No olvidar cambiar la fecha de devolución!!!!!!!
_o.STAFF. Colección Teología
999 _a200.8 A17
_wDEWEY
_c2
_i12472
_f2021-11-11
_g5
_lCCODEBUL1
_mBUL
_p15.00
_r0
_sY
_tBOOK
_u2015-4-22
_xTEOLOGIA
_PP35
_0COMPRA
_o.CIRCNOTE. No olvidar cambiar la fecha de devolución!!!!!!!
_o.STAFF. Colección Teología
980 _81
_gALBERTO SANCHEZ Responsable de Automatización